| 000 | 01833cam a2200385 a 4500 | ||
|---|---|---|---|
| 001 | 13821808 | ||
| 003 | OSt | ||
| 005 | 20170208114332.0 | ||
| 008 | 041221s2002 nyua be 001 0 eng | ||
| 010 | _a 2004276416 | ||
| 020 | _a0471332305 (set : acidfree paper) | ||
| 040 |
_aDLC _cDLC _dDLC |
||
| 050 | 0 | 0 |
_aQ121 _b.V3 2002 |
| 082 | 0 | 0 |
_a503 _222 |
| 110 | _aRU | ||
| 245 | 0 | 0 |
_aVan Nostrand's scientific encyclopedia / _cGlenn D. Considine, editor ; Peter H. Kulik, associate editor. |
| 246 | 3 | 0 | _aScientific encyclopedia |
| 250 | _a9th ed. | ||
| 260 |
_aNew York, NY : _bWiley-Interscience, _cc2002. |
||
| 300 |
_a2 v. : _bill. ; _c29 cm. |
||
| 440 | _aSCIENTIFIC ENCYCLOPEDIA | ||
| 500 | _a"Animal life, biosciences, chemistry, Earth and atmospheric sciences, energy sources and power technology, mathematics and engineering sciences, medicine, anatomy, and physiology, physics, plant sciences, space and planetary sciences." | ||
| 504 | _aIncludes bibliographical references and index. | ||
| 505 | 1 | _av. 1. A-K -- v. 2. L-Z, index. | |
| 650 | 0 |
_aScience _vEncyclopedias. |
|
| 650 | 0 |
_aEngineering _vEncyclopedias. |
|
| 700 | 1 | _aConsidine, Glenn D. | |
| 700 | 1 | _aKulik, Peter H. | |
| 856 | 4 | 2 |
_3Publisher description _uhttp://www.loc.gov/catdir/enhancements/fy0620/2004276416-d.html |
| 856 | 4 | 1 |
_3Table of contents only _uhttp://www.loc.gov/catdir/enhancements/fy0620/2004276416-t.html |
| 906 |
_a7 _bcbc _corigcop _d2 _encip _f20 _gy-gencatlg |
||
| 942 |
_2lcc _cBK |
||
| 999 |
_c255410 _d255409 |
||